Elektrické osvetlenie v praxi /

Saved in:
Bibliographic Details
Main Author: Chalupka, Milan (Author)
Format: Book
Language:Slovak
Published: Bratislava: Slovenské vydavateľstvo technickej literatúry, 1963
Edition:1.vyd.
Series:Edícia elektrotechnickej literatúry
Subjects:
Tags: Add Tag
No Tags, Be the first to tag this record!

MARC

LEADER 00000nam a22000003a 4500
001 0008525
003 SK-STU
005 20151102152223.0
007 ta
008 151102s ----xo-----e------000-0-----d
040 |a STU  |b slo 
041 0 |a slo  |h slo 
044 |a xo 
080 |a DT 638.93 
100 1 |a Chalupka, Milan  |4 aut 
245 1 0 |a Elektrické osvetlenie v praxi /  |c aut. Milan Chalupka ; Bedrich Formánek 
250 |a 1.vyd. 
260 |a Bratislava:  |b Slovenské vydavateľstvo technickej literatúry,  |c 1963 
300 |a 204 s. 
490 0 |a Edícia elektrotechnickej literatúry 
650 0 7 |a svetlo 
650 0 7 |a zdroje tepla 
650 0 7 |a osvetlenie 
650 0 7 |a svietidlá 
700 1 |a Formánek, Bedrich,  |d 1933-  |u E900  |4 lso  |T FEI Dekanát  |X 3592  |U E900  |Y E900  |7 A000003592 
996 |b 284V036905  |c V* 52240/O-23401  |l VVT  |s A  |a 24  |w 0008525_0001